| 000 | 005540000a22001930004500 | ||
|---|---|---|---|
| 020 | _a0-789-1001-2 | ||
| 041 | 0 | _aSPA | |
| 082 | 0 | 4 | _aG 268.13 R831e |
| 100 | 1 | _aRichards, Lawrence O. | |
| 245 | 1 | 0 | _aEnseñemos la Biblia creativamente / Lawrence O. Richards, Gary J. Bredfeldt |
| 260 | _aMiami, FL., USA : FLET-UNILIT | ||
| 300 | _a604 Pag | ||
| 500 | _aTítulo original : Creative Bible teaching | ||
| 001 | 7971 | ||
| 942 | _cBK | ||
| 999 |
_c38170 _d38170 |
||
| 336 |
_atexto _btxt _2rdacontent |
||
| 337 |
_2rdamedia _asin mediación _bn |
||
| 338 |
_2rdacarrier _avolumen _bnc |
||